VB SCRIPT INTERACTIVE COURSE (Record no. 720791)

MARC details
000 -LEADER
fixed length control field 00257nam a2200097Ia 4500
008 - FIXED-LENGTH DATA ELEMENTS--GENERAL INFORMATION
fixed length control field 230508s2004 xx 000 0 und d
041 ## - LANGUAGE CODE
Language code of text/sound track or separate title eng
100 ## - MAIN ENTRY--PERSONAL NAME
Personal name JERKE HATAMKAR ANDERSON
245 ## - TITLE STATEMENT
Title VB SCRIPT INTERACTIVE COURSE
260 ## - PUBLICATION, DISTRIBUTION, ETC.
Name of publisher, distributor, etc. TECHMEDIA NEW DELHI
Date of publication, distribution, etc. 2004

No items available.